[Event "Titled Tuesday intern op 28th Jan Early"]
[Site "Chess.com INT"]
[Date "2025.01.28"]
[Round "2"]
[White "Laddha, Yash Jayesh"]
[Black "Daulet, Alikhan"]
[Result "0-1"]
[WhiteElo "2053"]
[BlackElo "2013"]
[PlyCount "68"]
[EventDate "2025.01.28"]
[EventType "swiss (blitz)"]
[EventRounds "11"]
[EventCountry "USA"]
[SourceTitle "CB06_2025"]
[SourceDate "2025.02.05"]
[SourceVersion "1"]
[SourceVersionDate "2025.02.05"]
[SourceQuality "1"]

1. e4 c5 2. Nf3 Nc6 3. d4 cxd4 4. Nxd4 Nf6 5. Nc3 e5 6. Ndb5 d6 7. Bg5 a6 8. Na3 b5 9. Nd5 Be7 10. Bxf6 Bxf6 11. c3 Rb8 12. Nc2 Bg5 13. a4 bxa4 14. Ncb4 Nxb4 15. cxb4 Bd7 16. Bxa6 0-0 17. Rxa4 f5 18. exf5 Bxf5 19. 0-0 Kh8 20. Bd3 Be6 21. Be4 Qd7 22. Qh5 Bh6 23. Rfa1 Qc8 24. Ra7 Bxd5 25. Bxd5 Qc2 26. Qh4 Qxb2 27. h3 Rxb4 28. Qe7 Qxf2+ 29. Kh1 Rb2 30. Bf3 Rbb8 31. Rb7 Rbe8 32. Qxd6 Bf4 33. Qd7 Qg3 34. Kg1 e4 0-1

[Event "Titled Tuesday intern op 28th Jan Early"]
[Site "Chess.com INT"]
[Date "2025.01.28"]
[Round "10"]
[White "Laddha, Yash Jayesh"]
[Black "Zepeda Berlanga, Jan Enrique"]
[Result "1-0"]
[WhiteElo "2053"]
[BlackElo "1979"]
[PlyCount "59"]
[EventDate "2025.01.28"]
[EventType "swiss (blitz)"]
[EventRounds "11"]
[EventCountry "USA"]
[SourceTitle "CB06_2025"]
[SourceDate "2025.02.05"]
[SourceVersion "1"]
[SourceVersionDate "2025.02.05"]
[SourceQuality "1"]

1. e4 c5 2. Nf3 d6 3. d4 cxd4 4. Nxd4 Nf6 5. Nc3 Nc6 6. Nxc6 bxc6 7. Bc4 g6 8. 0-0 Bg7 9. Be3 0-0 10. h3 Qc7 11. Qe2 Rb8 12. Bb3 e5 13. Rad1 Rd8 14. Rfe1 Be6 15. Bxe6 fxe6 16. b3 d5 17. Bc5 Re8 18. a3 Rbd8 19. Qa6 Rd7 20. b4 Bf8 21. Na4 Nxe4 22. Bxf8 Rxf8 23. f3 Ng3 24. Nc5 Rdf7 25. Nxe6 Qe7 26. Nxf8 Rxf8 27. Qxc6 d4 28. Qd5+ Rf7 29. Qxe5 Qf8 30. Rxd4 1-0

[Event "Titled Tuesday intern op 28th Jan Early"]
[Site "Chess.com INT"]
[Date "2025.01.28"]
[Round "9"]
[White "Szustakowski, Antoni"]
[Black "Laddha, Yash Jayesh"]
[Result "1-0"]
[WhiteElo "2356"]
[BlackElo "2053"]
[PlyCount "111"]
[EventDate "2025.01.28"]
[EventType "swiss (blitz)"]
[EventRounds "11"]
[EventCountry "USA"]
[SourceTitle "CB06_2025"]
[SourceDate "2025.02.05"]
[SourceVersion "1"]
[SourceVersionDate "2025.02.05"]
[SourceQuality "1"]

1. e4 e5 2. Nf3 Nc6 3. Bb5 a6 4. Ba4 Nf6 5. 0-0 b5 6. Bb3 Be7 7. d3 0-0 8. a3 d6 9. Bd2 Be6 10. Ba2 Bxa2 11. Rxa2 Qd7 12. Nc3 Nd8 13. Nd5 Nxd5 14. exd5 f5 15. Re1 h6 16. a4 bxa4 17. Qa1 Nb7 18. Rxa4 Nc5 19. Ra3 e4 20. dxe4 fxe4 21. Nd4 Bf6 22. Be3 Be5 23. Nc6 Bf4 24. b4 Nb7 25. Qd4 Rae8 26. Rxa6 Nd8 27. Qc4 Bxe3 28. Rxe3 Qf5 29. Re2 e3 30. f3 Nxc6 31. Rxc6 Qf6 32. Qc3 Re5 33. h3 Rfe8 34. Rxc7 Rxd5 35. Qxf6 Rd1+ 36. Kh2 gxf6 37. Rc3 Rb1 38. Rcxe3 Rxe3 39. Rxe3 Rxb4 40. Rd3 Rb6 41. Kg3 Kf7 42. Kf4 Rc6 43. c3 Rc4+ 44. Kf5 Rc5+ 45. Kg4 h5+ 46. Kh4 Ke6 47. Re3+ Re5 48. Rxe5+ fxe5 49. Kxh5 Kf5 50. g4+ Kf4 51. g5 Kxf3 52. g6 e4 53. g7 e3 54. g8Q e2 55. Qg4+ Kf2 56. Qf4+ 1-0

[Event "Tamil Nadu IM 5th"]
[Site "Chennai"]
[Date "2023.11.14"]
[Round "4"]
[White "Gochelashvili, David"]
[Black "Laddha, Yash Jayesh"]
[Result "1/2-1/2"]
[WhiteElo "2304"]
[BlackElo "2171"]
[PlyCount "102"]
[EventDate "2023.11.12"]
[EventType "tourn"]
[EventRounds "9"]
[EventCountry "IND"]
[EventCategory "1"]
[SourceTitle "CBM 217 Extra"]
[Source "ChessBase"]
[SourceDate "2024.01.31"]
[SourceVersion "1"]
[SourceVersionDate "2024.01.31"]
[SourceQuality "1"]

1. e4 e5 2. Nf3 Nc6 3. Bc4 Nf6 4. d3 Bc5 5. Nc3 h6 6. 0-0 d6 7. Na4 Bb6 8. c3 0-0 9. Nxb6 axb6 10. Bb3 Be6 11. Re1 Bxb3 12. Qxb3 Re8 13. c4 Nd7 14. Be3 Nc5 15. Qc3 Qf6 16. b4 Ne6 17. a4 Ncd4 18. Bxd4 exd4 19. Qb2 Nf4 20. Ra3 Qg6 21. g3 c5 22. bxc5 bxc5 23. Nh4 Qh5 24. Qd2 Ng6 25. Nxg6 Qxg6 26. Rb1 Re7 27. Qf4 Rf8 28. g4 Qg5 29. Qxg5 hxg5 30. Rb6 Rd7 31. Kg2 Ra8 32. a5 f6 33. Kg3 Kf7 34. h4 gxh4+ 35. Kxh4 g5+ 36. Kg3 Ke6 37. Ra1 Rh7 38. Kf3 Ra7 39. Rb5 Rh8 40. Kg3 Rha8 41. f4 gxf4+ 42. Kxf4 b6 43. Rxb6 Rxa5 44. Rxa5 Rxa5 45. Rb1 Ra2 46. Rf1 Rg2 47. Rf3 Rg1 48. Rh3 Rf1+ 49. Kg3 Rd1 50. Kf4 Rf1+ 51. Rf3 Rg1 1/2-1/2

[Event "Tamil Nadu IM 5th"]
[Site "Chennai"]
[Date "2023.11.12"]
[Round "2"]
[White "Prasannaa, S."]
[Black "Laddha, Yash Jayesh"]
[Result "1-0"]
[WhiteElo "2120"]
[BlackElo "2171"]
[PlyCount "111"]
[EventDate "2023.11.12"]
[EventType "tourn"]
[EventRounds "9"]
[EventCountry "IND"]
[EventCategory "1"]
[SourceTitle "CBM 217 Extra"]
[Source "ChessBase"]
[SourceDate "2024.01.31"]
[SourceVersion "1"]
[SourceVersionDate "2024.01.31"]
[SourceQuality "1"]

1. e4 e5 2. Nf3 Nc6 3. Bb5 a6 4. Bxc6 dxc6 5. 0-0 Bg4 6. h3 h5 7. d3 Qf6 8. Be3 Bxf3 9. Qxf3 Qxf3 10. gxf3 Bd6 11. Nd2 Ne7 12. Nc4 Ng6 13. Kh2 c5 14. Rg1 Ke7 15. a4 b6 16. Nd2 a5 17. Rg3 Nf8 18. Rxg7 Ng6 19. Bg5+ Ke6 20. Nc4 Bf8 21. Rxg6+ fxg6 22. f4 Bg7 23. fxe5 Bxe5+ 24. f4 Bf6 25. Bxf6 Kxf6 26. Rg1 Rhg8 27. Rg5 Raf8 28. Ne3 Ke6 29. Kg3 Kd7 30. Nc4 Ke6 31. Ne5 Rb8 32. Nxg6 b5 33. axb5 Rxb5 34. b3 a4 35. bxa4 Rb2 36. f5+ Kf7 37. Ne5+ Kf8 38. h4 Rxc2 39. Nd7+ Kf7 40. e5 Rxg5+ 41. hxg5 Rc3 42. e6+ Ke7 43. Ne5 c4 44. Kf2 cxd3 45. Ng6+ Kd6 46. e7 Kd7 47. f6 Rc5 48. Nf8+ Ke8 49. g6 Rg5 50. g7 Kf7 51. a5 d2 52. Ke2 Rg2+ 53. Kd1 h4 54. a6 h3 55. a7 h2 56. e8Q+ 1-0

[Event "Tamil Nadu IM 4th"]
[Site "Chennai"]
[Date "2023.11.10"]
[Round "7"]
[White "Laddha, Yash Jayesh"]
[Black "Abdyzhapar, Asylbek"]
[Result "0-1"]
[WhiteElo "2171"]
[BlackElo "2326"]
[PlyCount "110"]
[EventDate "2023.11.06"]
[EventType "tourn"]
[EventRounds "9"]
[EventCountry "IND"]
[EventCategory "2"]
[SourceTitle "CBM 217 Extra"]
[Source "ChessBase"]
[SourceDate "2024.01.31"]
[SourceVersion "1"]
[SourceVersionDate "2024.01.31"]
[SourceQuality "1"]

1. e4 c5 2. Nf3 d6 3. d4 cxd4 4. Nxd4 Nf6 5. Nc3 a6 6. h3 e5 7. Nde2 h5 8. g3 Be7 9. Bg2 b5 10. Nd5 Nxd5 11. Qxd5 Ra7 12. Be3 Be6 13. Qd2 Rb7 14. 0-0 Nd7 15. Nc3 Nf6 16. f4 h4 17. g4 b4 18. Nd5 Bxd5 19. exd5 exf4 20. Rxf4 a5 21. g5 Nd7 22. g6 fxg6 23. Bd4 Bf6 24. Re1+ Ne5 25. Qd3 0-0 26. Bxe5 Bxe5 27. Rxf8+ Qxf8 28. Rxe5 dxe5 29. d6 e4 30. Bxe4 Rd7 31. Qc4+ Kh8 32. Bxg6 Qd8 33. Qc5 Rxd6 34. Qh5+ Kg8 35. Qh7+ Kf8 36. Qh8+ Ke7 37. Qxg7+ Ke6 38. Bf7+ Kf5 39. Qg4+ Kf6 40. Bh5 Qb6+ 41. Kf1 Qb5+ 42. Kf2 Qc5+ 43. Kf1 Qf5+ 44. Qxf5+ Kxf5 45. Ke2 Kf4 46. c3 bxc3 47. bxc3 Kg3 48. Bg4 Rg6 49. Bd7 Rg7 50. Bf5 Rg5 51. Bd7 Re5+ 52. Kf1 Rc5 53. Be6 Rxc3 54. Ke2 Rc6 55. Bd5 Rc5 0-1

[Event "Tamil Nadu IM 4th"]
[Site "Chennai"]
[Date "2023.11.08"]
[Round "4"]
[White "Gochelashvili, David"]
[Black "Laddha, Yash Jayesh"]
[Result "1-0"]
[WhiteElo "2304"]
[BlackElo "2171"]
[PlyCount "83"]
[EventDate "2023.11.06"]
[EventType "tourn"]
[EventRounds "9"]
[EventCountry "IND"]
[EventCategory "2"]
[SourceTitle "CBM 217 Extra"]
[Source "ChessBase"]
[SourceDate "2024.01.31"]
[SourceVersion "1"]
[SourceVersionDate "2024.01.31"]
[SourceQuality "1"]

1. d4 d5 2. Nf3 Nf6 3. Bf4 c5 4. e3 Nc6 5. c3 Qb6 6. Qb3 c4 7. Qc2 Bf5 8. Qc1 e6 9. Nbd2 Qd8 10. Nh4 Bg4 11. h3 Bh5 12. g4 Bg6 13. Nxg6 hxg6 14. Bg2 Bd6 15. Bxd6 Qxd6 16. b3 cxb3 17. axb3 0-0 18. Qa3 Qd7 19. 0-0 a5 20. Rfc1 Ne4 21. Nxe4 dxe4 22. Bxe4 f5 23. Bg2 fxg4 24. hxg4 e5 25. d5 Qf7 26. Rc2 Nd8 27. Qa4 Qf6 28. b4 Nf7 29. bxa5 Qh4 30. Qe4 Ra6 31. Ra4 Rf6 32. g5 Qxg5 33. Qg4 Qh6 34. Qg3 Rf5 35. Rg4 Kh7 36. Be4 Rg5 37. f4 exf4 38. exf4 Rxg4 39. Qxg4 Ne5 40. fxe5 Qe3+ 41. Kg2 Rf4 42. Bxg6+ 1-0

[Event "Budapest Vezerkepzo IM 07"]
[Site "Budapest"]
[Date "2023.07.29"]
[Round "8"]
[White "Laddha, Yash Jayesh"]
[Black "Hnydiuk, Aleksander"]
[Result "1/2-1/2"]
[WhiteElo "2076"]
[BlackElo "2361"]
[PlyCount "34"]
[EventDate "2023.07.24"]
[EventType "tourn"]
[EventRounds "9"]
[EventCountry "HUN"]
[SourceTitle "EXT 2024"]
[Source "ChessBase"]
[SourceDate "2023.10.10"]
[SourceVersion "1"]
[SourceVersionDate "2023.10.10"]
[SourceQuality "1"]

1. d4 Nf6 2. Nc3 d5 3. Bf4 e6 4. Nb5 Bb4+ 5. c3 Ba5 6. b4 Bb6 7. a4 a5 8. Nf3 0-0 9. e3 axb4 10. cxb4 Na6 11. Qb3 c6 12. Nc3 Nxb4 13. Be2 Ba5 14. 0-0 b6 15. Ne5 Nd7 16. Na2 Nxe5 17. Nxb4 Bxb4 1/2-1/2

[Event "Budapest Vezerkepzo IM 03"]
[Site "Budapest"]
[Date "2023.03.21"]
[Round "6"]
[White "Karamsetty, Jeevan"]
[Black "Laddha, Yash Jayesh"]
[Result "0-1"]
[WhiteElo "2206"]
[BlackElo "2067"]
[PlyCount "116"]
[EventDate "2023.03.16"]
[EventType "swiss"]
[EventRounds "10"]
[EventCountry "HUN"]
[SourceTitle "CBM 213 Extra"]
[Source "ChessBase"]
[SourceDate "2023.05.31"]
[SourceVersion "1"]
[SourceVersionDate "2023.05.31"]
[SourceQuality "1"]

1. e4 e5 2. Nf3 Nc6 3. Bc4 Nf6 4. d3 Bc5 5. 0-0 0-0 6. c3 d6 7. b4 Bb6 8. a4 a6 9. Bb3 Ne7 10. Be3 Bxe3 11. fxe3 Ng6 12. Qe1 Qe7 13. Ra2 Be6 14. c4 h6 15. Nc3 c6 16. d4 exd4 17. exd4 Rae8 18. d5 Bd7 19. Bc2 Ne5 20. Nd2 Qd8 21. a5 Qc7 22. Ra3 Bg4 23. Qh4 Qe7 24. h3 Bd7 25. Qf2 cxd5 26. exd5 Rc8 27. Qd4 Rc7 28. Re1 Rfc8 29. Kh1 Qf8 30. Bb3 Bf5 31. Re3 Bg6 32. Ra1 Re8 33. Rf1 Kh7 34. Ba4 Nfd7 35. Rg3 Rec8 36. Bd1 Qe7 37. Be2 f5 38. Nd1 Rf8 39. Re3 Qf6 40. Ne4 Qh4 41. Rf4 Qe1+ 42. Bf1 Qxb4 43. Nd2 Qxa5 44. Qb2 Qc5 45. Rb3 Qa7 46. Rg3 Nc5 47. Nc3 Rcf7 48. Be2 Ne4 49. Rxg6 Nxg6 50. Rxe4 fxe4 51. Ncxe4 Qe3 52. Bf3 Rxf3 53. gxf3 Qe1+ 54. Kh2 Qe2+ 55. Kg1 Rxf3 56. Qb1 Qe3+ 57. Kh1 Rxh3+ 58. Kg2 Nh4+ 0-1

[Event "Budapest Vezerkepzo IM 03"]
[Site "Budapest"]
[Date "2023.03.21"]
[Round "7"]
[White "Laddha, Yash Jayesh"]
[Black "Pandey, Srishti"]
[Result "1/2-1/2"]
[WhiteElo "2067"]
[BlackElo "2156"]
[PlyCount "55"]
[EventDate "2023.03.16"]
[EventType "swiss"]
[EventRounds "10"]
[EventCountry "HUN"]
[SourceTitle "CBM 213 Extra"]
[Source "ChessBase"]
[SourceDate "2023.05.31"]
[SourceVersion "1"]
[SourceVersionDate "2023.05.31"]
[SourceQuality "1"]

1. e4 e5 2. Nf3 Nc6 3. Bc4 Bc5 4. c3 Nf6 5. d3 a6 6. 0-0 Ba7 7. Nbd2 0-0 8. h3 d6 9. Bb3 h6 10. Re1 Be6 11. Nf1 Qd7 12. Ng3 Rfe8 13. Bc2 d5 14. exd5 Bxd5 15. Be3 Bxe3 16. Rxe3 Re7 17. Qe2 Rae8 18. a4 a5 19. Nh4 Be6 20. Qf3 Bd5 21. Ne4 Bxe4 22. dxe4 Qd2 23. Qe2 Rd7 24. Rd1 Qxe2 25. Rxe2 Rxd1+ 26. Bxd1 Rd8 27. Bc2 g6 28. Nf3 1/2-1/2

[Event "Bikaner op 1st"]
[Site "Bikaner"]
[Date "2022.10.02"]
[Round "2"]
[White "Mayank, Chakraborty"]
[Black "Laddha, Yash Jayesh"]
[Result "1-0"]
[WhiteElo "2203"]
[BlackElo "1917"]
[PlyCount "69"]
[EventDate "2022.10.01"]
[EventType "swiss"]
[EventRounds "10"]
[EventCountry "IND"]
[SourceTitle "CBM 210 Extra"]
[Source "ChessBase"]
[SourceDate "2022.11.30"]
[SourceVersion "1"]
[SourceVersionDate "2022.11.30"]
[SourceQuality "1"]

1. Nf3 e5 2. e4 Nc6 3. Bb5 a6 4. Ba4 Nf6 5. 0-0 Be7 6. Re1 b5 7. Bb3 d6 8. c3 0-0 9. h3 Nb8 10. d4 Nbd7 11. Nbd2 Bb7 12. Bc2 Re8 13. Nf1 Bf8 14. Ng3 g6 15. a4 Bg7 16. Bd3 exd4 17. cxd4 c5 18. axb5 axb5 19. Rxa8 Bxa8 20. Bxb5 Nxe4 21. dxc5 Nexc5 22. Rxe8+ Qxe8 23. b4 Ne4 24. Nxe4 Bxe4 25. Qxd6 Bxf3 26. Be3 Bxg2 27. Qxd7 Qa8 28. Bc4 Bc6 29. Qxf7+ Kh8 30. Qa7 Qd8 31. b5 Bd7 32. b6 Be5 33. b7 Bc6 34. Qc5 Qe8 35. Qxe5+ 1-0

[Event "Dubai op 22nd"]
[Site "Dubai"]
[Date "2022.08.27"]
[Round "1"]
[White "Samant, Aditya S"]
[Black "Laddha, Yash Jayesh"]
[Result "1-0"]
[WhiteElo "2430"]
[BlackElo "2002"]
[PlyCount "193"]
[EventDate "2022.08.27"]
[EventType "swiss"]
[EventRounds "9"]
[EventCountry "UAE"]
[SourceTitle "CBM 210 Extra"]
[Source "ChessBase"]
[SourceDate "2022.11.30"]
[SourceVersion "1"]
[SourceVersionDate "2022.11.30"]
[SourceQuality "1"]

1. e4 e5 2. Nf3 Nc6 3. Bb5 a6 4. Ba4 Nf6 5. 0-0 Be7 6. Re1 b5 7. Bb3 d6 8. c3 0-0 9. h3 Nb8 10. d4 Nbd7 11. c4 c6 12. Qc2 Bb7 13. a3 h6 14. dxe5 Nxe5 15. Nxe5 dxe5 16. Be3 c5 17. Nc3 Qb6 18. Ba2 Rac8 19. Rac1 Qc6 20. Red1 Rfe8 21. cxb5 axb5 22. Qb3 Rf8 23. Qxb5 Qxb5 24. Nxb5 Bxe4 25. Nd6 Rb8 26. Nxe4 Nxe4 27. Rc2 Rfd8 28. Rxd8+ Bxd8 29. Kf1 Bg5 30. Ke2 Kf8 31. b3 Rb5 32. Bxg5 hxg5 33. Rc4 Nd6 34. Ra4 Ke7 35. Kd2 f5 36. Kc2 Rb8 37. Ra7+ Rb7 38. Ra6 Kd7 39. Ra8 Ke7 40. Ra5 Rb5 41. Ra6 Rb8 42. Kb2 e4 43. Kc3 f4 44. Bb1 Kd7 45. Ra7+ Kc6 46. Rxg7 Re8 47. Kd2 Re5 48. Rg6 Kd7 49. a4 c4 50. bxc4 Nxc4+ 51. Ke1 e3 52. fxe3 Nxe3 53. Kf2 Nd1+ 54. Kf1 Ne3+ 55. Kg1 Nd1 56. Kh2 Nc3 57. Bc2 f3 58. Bd3 Nxa4 59. gxf3 Nc5 60. Bc4 Ke7 61. Kg3 Nd7 62. Rg7+ Kd6 63. Rf7 Re7 64. Rf5 Re5 65. Kg4 Rxf5 66. Kxf5 Ke7 67. Ba2 Kf8 68. Kxg5 Kg7 69. Kf5 Nf6 70. h4 Nh5 71. Kg5 Nf6 72. Be6 Nh7+ 73. Kf5 Nf6 74. Ke5 Nh5 75. Bg4 Nf6 76. h5 Ng8 77. f4 Ne7 78. Bf3 Ng8 79. Bd5 Ne7 80. Ke6 Ng8 81. Ke5 Ne7 82. Ke6 Ng8 83. Be4 Nh6 84. Bf5 Ng8 85. Ke5 Nh6 86. Be6 Kf8 87. Kd6 Ke8 88. Kd5 Kf8 89. Ke4 Ke8 90. Kd5 Kf8 91. Ke5 Kg7 92. Kd6 Kh8 93. Kd7 Kh7 94. Kd8 Kh8 95. Ke8 Kg7 96. Ke7 Kh8 97. Kf6 1-0

[Event "Balatonlelle Rigo Memorial"]
[Site "Balatonlelle"]
[Date "2022.06.01"]
[Round "7"]
[White "Laddha, Yash Jayesh"]
[Black "Isha, Sharma"]
[Result "0-1"]
[WhiteElo "2013"]
[BlackElo "2207"]
[PlyCount "102"]
[EventDate "2022.05.26"]
[EventType "tourn"]
[EventRounds "9"]
[EventCountry "HUN"]
[SourceTitle "CBM 208 Extra"]
[Source "ChessBase"]
[SourceDate "2022.07.31"]
[SourceVersion "1"]
[SourceVersionDate "2022.07.31"]
[SourceQuality "1"]

1. e4 c5 2. Nf3 d6 3. d4 cxd4 4. Nxd4 Nf6 5. Nc3 Nc6 6. Bg5 e6 7. Qd2 a6 8. 0-0-0 h6 9. Nxc6 bxc6 10. Bf4 d5 11. Qe3 Be7 12. Be2 Nd7 13. Qg3 Bg5 14. Bxg5 Qxg5+ 15. Qxg5 hxg5 16. exd5 cxd5 17. h4 Rxh4 18. Rxh4 gxh4 19. f4 Bb7 20. Bf3 f6 21. Rh1 g5 22. fxg5 fxg5 23. Re1 Kf7 24. Bg4 Nf8 25. Ne2 e5 26. Ng1 e4 27. Rf1+ Kg7 28. Rf5 Nh7 29. Re5 Kf6 30. Re6+ Kf7 31. Re5 Rf8 32. Nh3 Kg6 33. c3 Bc6 34. Re6+ Rf6 35. Re5 Bb5 36. Rxd5 Bf1 37. g3 hxg3 38. Kd2 Bxh3 39. Bxh3 g2 40. Bxg2 Rf2+ 41. Ke3 Rxg2 42. Kxe4 Nf6+ 43. Kf3 Rxb2 44. Ra5 Rc2 45. Ra3 g4+ 46. Kf4 Rf2+ 47. Kg3 Rf3+ 48. Kg2 Kg5 49. Rxa6 Rxc3 50. Ra5+ Kf4 51. Ra4+ Ne4 0-1

[Event "Balatonlelle Rigo Memorial"]
[Site "Balatonlelle"]
[Date "2022.05.31"]
[Round "6"]
[White "Gombocz, Ferenc Jr"]
[Black "Laddha, Yash Jayesh"]
[Result "1-0"]
[WhiteElo "2241"]
[BlackElo "2013"]
[PlyCount "79"]
[EventDate "2022.05.26"]
[EventType "tourn"]
[EventRounds "9"]
[EventCountry "HUN"]
[SourceTitle "CBM 208 Extra"]
[Source "ChessBase"]
[SourceDate "2022.07.31"]
[SourceVersion "1"]
[SourceVersionDate "2022.07.31"]
[SourceQuality "1"]

1. c4 e5 2. Nc3 Nf6 3. g3 Bb4 4. e4 Bxc3 5. dxc3 0-0 6. f3 d6 7. Nh3 c6 8. Nf2 Be6 9. Bd3 d5 10. cxd5 cxd5 11. exd5 Nxd5 12. Ne4 f6 13. Nc5 Bf7 14. Be4 Qc7 15. Bxd5 Qxc5 16. Bxb7 Nc6 17. Bxa8 Rxa8 18. Qe2 Bc4 19. Qe3 Qa5 20. b4 Qd5 21. Qe4 Qe6 22. Kf2 Bd5 23. Qe3 e4 24. f4 Ne7 25. Rd1 Nf5 26. Qc5 e3+ 27. Bxe3 Bb7 28. Rd3 Qe4 29. Ke2 Re8 30. Kd2 Nxe3 31. Rxe3 Rd8+ 32. Kc1 Qg2 33. Qc4+ Kh8 34. Qe2 Qc6 35. Kb2 h6 36. Rd1 Rc8 37. Re1 Kh7 38. Qd3+ Kg8 39. Qg6 Qg2+ 40. R1e2 1-0